Normal view
MARC view
Entry Personal Name
001 - CONTROL NUMBER
- control field: 58862
003 - CONTROL NUMBER IDENTIFIER
- control field: dpl
005 - DATE AND TIME OF LATEST TRANSACTION
- control field: 20231120124835.0
008 - FIXED-LENGTH DATA ELEMENTS
- fixed length control field: 231120|| aca||aabn | a|a d
040 ## - CATALOGING SOURCE
- Original cataloging agency: dpl
- Transcribing agency: dpl
100 ## - HEADING--PERSONAL NAME
- Personal name: धर्मपाल, दिनेश
670 ## - SOURCE DATA FOUND
- Source citation: Work cat.: (dpl)199158: धर्मपाल, दिनेश , परुष्णी के साथ -साथ:
